Riziko v podnikaní

Enregistré dans:
Détails bibliographiques
Auteur principal: Čunderlík, Dušan
Format: Livre
Langue:slovaque
Publié: Nitra Agroinštitút 1994
Édition:1. vyd.
Collection:Manažérske čítanky Č.18
Sujets:
Tags: Ajouter un tag
Pas de tags, Soyez le premier à ajouter un tag!

MARC

LEADER 00000nam a2200000 4500
001 c005169
005 20221128073758.8
020 |a 80-7139-025-9 
041 0 |a slo 
044 |a SK 
245 1 0 |a Riziko v podnikaní  |c Dušan Čunderlík 
250 |a 1. vyd. 
264 1 |a Nitra  |b Agroinštitút  |c 1994 
300 |a 191 s. 
490 1 |a Manažérske čítanky  |v Č.18 
830 0 |a Manažérske čítanky  |v Č.18 
610 2 0 |a podnikanie 
610 2 0 |a riziko 
610 2 0 |a rozhodovanie za rizika 
610 2 0 |a manažment 
100 1 |a Čunderlík, Dušan